Penal Code Citations: Sentencing in 18 American Felony Courts, 1983

The purpose of this study was to describe sentencing outcomes in 18 jurisdictions across the United States based on sentences actually imposed on adjudicated felons. Such descriptive information provides an overview of how sentencing is operating in a jurisdiction as a whole and supplies a baseline...

Full description

Saved in:  
Bibliographic Details
Main Author: Cunniff, Mark A. (Author)
Format: Electronic Research Data
Language:English
Published: [Erscheinungsort nicht ermittelbar] [Verlag nicht ermittelbar] 1985
In:Year: 1985
Online Access: Volltext (kostenfrei)
Check availability: HBZ Gateway
Keywords:

MARC

LEADER 00000cam a22000002c 4500
001 1840065621
003 DE-627
005 20250705105447.0
007 cr uuu---uuuuu
008 230324s1985 xx |||||o 00| ||eng c
024 7 |a 10.3886/ICPSR08396.v3  |2 doi 
035 |a (DE-627)1840065621 
035 |a (DE-599)KXP1840065621 
040 |a DE-627  |b ger  |c DE-627  |e rda 
041 |a eng 
084 |a 2,1  |2 ssgn 
100 1 |a Cunniff, Mark A.  |e VerfasserIn  |4 aut 
245 1 0 |a Penal Code Citations: Sentencing in 18 American Felony Courts, 1983 
264 1 |a [Erscheinungsort nicht ermittelbar]  |b [Verlag nicht ermittelbar]  |c 1985 
336 |a Text  |b txt  |2 rdacontent 
337 |a Computermedien  |b c  |2 rdamedia 
338 |a Online-Ressource  |b cr  |2 rdacarrier 
520 |a The purpose of this study was to describe sentencing outcomes in 18 jurisdictions across the United States based on sentences actually imposed on adjudicated felons. Such descriptive information provides an overview of how sentencing is operating in a jurisdiction as a whole and supplies a baseline against which the impact of changes in sentencing codes and practices can be assessed. The data focus on sentences handed down in courts of general jurisdiction for selected crimes of homicide, rape, robbery, aggravated assault, burglary, theft, and drug trafficking. 
540 |a ICPSR Terms of Use 
650 4 |a Courts 
650 4 |a felony offenses 
650 4 |a Homicide 
650 4 |a judicial decisions 
650 4 |a Rape 
650 4 |a Robbery 
650 4 |a Sentencing 
650 4 |a Sentencing Guidelines 
655 7 |a Forschungsdaten  |0 (DE-588)1098579690  |0 (DE-627)857755366  |0 (DE-576)469182156  |2 gnd-content 
787 0 8 |i Forschungsdaten zu  |a Bureau of Justice Statistics  |t Felony Sentencing in 18 Local Jurisdictions  |d Bureau of Justice Statistics, 1985  |w (DE-627)1912558343 
787 0 8 |i Forschungsdaten zu  |a Cunniff, Mark A.  |t The Scales of Justice: Sentencing Out in 18 Felony Courts  |d [Erscheinungsort nicht ermittelbar] : United States Department of Justice, Bureau of Justice Statistics, 1984  |w (DE-627)1912695278 
787 0 8 |i Forschungsdaten zu  |a Cunniff, Mark A.  |t A Sentencing Postscript: Felony Probationers Under Supervision in the Community  |d National Association of Criminal Justice Planners, 1986  |w (DE-627)1912699559 
856 4 0 |u https://doi.org/10.3886/ICPSR08396.v3  |x Resolving-System  |z kostenfrei  |3 Volltext  |7 0 
935 |a mkri 
951 |a BO 
ELC |a 1 
LOK |0 000 xxxxxcx a22 zn 4500 
LOK |0 001 4296813374 
LOK |0 003 DE-627 
LOK |0 004 1840065621 
LOK |0 005 20230324125331 
LOK |0 008 230324||||||||||||||||ger||||||| 
LOK |0 035   |a (DE-2619)ICPSR8396 
LOK |0 040   |a DE-2619  |c DE-627  |d DE-2619 
LOK |0 092   |o n 
LOK |0 852   |a DE-2619 
LOK |0 852 1  |9 00 
LOK |0 935   |a foda  |a nacj 
LOK |0 939   |a 24-03-23  |b l01 
OAS |a 1 
ORI |a SA-MARC-krimdoka001.raw